Представление документа в формате RUSMARC

ПолеНазваниеЗначение
  Тип записи a
  Библиографический уровень m
001 Контрольный номер RU/SLIB/B/236096320
005 Дата корректировки 20201206204456.8
010 Индекс ISBN __
a ISBN 5-8243-0791-1 (В пер.)
d Цена 193-60; 165-00
021 № государственной регистрации __
b № документа 06-80943
100 Данные общей обработки __
a Данные общей обработки 19061211d2007 |||y0rusy0189 ca
101 Язык документа __
a Язык текста rus
c Язык оригинала eng
102 Страна публикации __
a Страна публикации ru
105 Кодированные данные (монография) __
a Кодированные данные (монография) y zzzz000zy
200 Заглавие и сведения об ответственности __
a Заглавие Россия: упадок и неопределенные перспективы возрождения
f Первые сведения об ответственности Томас Грэм ; [пер. с англ. Л. Ю. Пантиной]
b Общее обозначение материала Текст
210 Выходные данные __
a Место издания М.
c Издательство РОССПЭН
d Дата издания 2007
215 Физическое описание __
a Объем 142, [1] с.
225 Серия __
a Серия Россия. В поисках себя...
300 Общие примечания __
a Общие примечания Текст рус., англ.
330 Аннотация __
a Аннотация Сжатый и четкий анализ причин упадка России во времена СССР, а также опасного дробления и эрозии государственной власти в России в 1990-е годы.
600 Персоналии __
a Персоналии (Фамилия) Ельцин, Б. Н.
606 Тематические рубрики __
a Основная рубрика Политика. Политология
z Хронологическая подрубрика 20 в.
y Географическая подрубрика Россия; СССР
606 Тематические рубрики __
a Основная рубрика Внутреннее положение. Внутренняя политика России в целом
610 Ключевые слова __
a Ключевые слова государства; государственная политика; государственная деятельность; общественная политика; общественное развитие; внешняя политика
686 Индексы других классификаций __
a Классификационный индекс 66.3(2Рос)
700 Автор _1
a Фамилия Грэм
b Имя Т.
g Полное личное имя Томас
4 Код отношения 070
702 Вторичная интеллектуальная ответственность _1
a Фамилия Пантина
b Имя Л. Ю.
4 Код отношения перевод
4 Код отношения 730
801 Источник записи _0
a Страна ru
b Организация Муниципальное бюджетное учреждение культуры "Централизованная библиотечная система" г. Сургут (Центральная городская библиотека им. А. С. Пушкина)
c Дата составления 20061211
g Правила каталогизации КиК/Елгина; КиК/Дорошева
801 Источник записи _1
a Страна ru
b Организация Муниципальное бюджетное учреждение культуры "Централизованная библиотечная система" г. Сургут (Центральная городская библиотека им. А. С. Пушкина)
c Дата составления 20061211
g Правила каталогизации КиК/Елгина; КиК/Дорошева
852 Данные о местонахождении __
j Шифр хранения 66.3(2Рос)
c Каталожный индекс 66.3(2Рос)
i Авторский знак Г 91
901 Тип документа __
t Тип документа m
903 Характеристики (МАРС) __
a Дата передачи 20070709; 20070302
990 Данные о заказе (DOS) __
j Количество экземпляров (DOS) 1; 5
t N записи в КСУ для И/У (DOS) 200708; 200703